The Room Where It Happens - Hamilton Cast - All Lyrics - Statistics

General Stats
  • This quiz has been taken 298 times
  • The average score is 852 of 1004
Answer Stats
Answer % Correct
a
100%
A
100%
Ah
100%
Ha
100%
Haha
100%
Oh,
100%
Oh
100%
Oh-ho!
100%
the
99%
The
99%
(The
99%
I
98%
"I
98%
I,
98%
(I
98%
it
97%
It
97%
it,
97%
'n
97%
you
96%
You
96%
in
95%
In
95%
in)
95%
No
95%
no
95%
No!
95%
room
95%
room!
95%
was
95%
Was
95%
where
95%
go
94%
he
94%
We
94%
we
94%
do
93%
Do
93%
to
93%
When
93%
Burr,
92%
Burr?
92%
Burr?)
92%
me
92%
win
92%
Yeah
92%
Yeah,
92%
an
91%
on
91%
And
90%
and
90%
be
90%
be,
90%
happens
90%
happens)
90%
happens!)
90%
that
90%
That
90%
what
90%
What
90%
(What
90%
'im,
89%
is
89%
know
89%
know,
89%
one
89%
-one
89%
But-
88%
But
88%
but
88%
But!
88%
got
88%
happened
88%
hear
88%
New
88%
new
88%
They
88%
they
88%
Did
87%
did
87%
else
86%
Hamilton!
86%
get
85%
how
85%
How
85%
wanna
85%
all
84%
as
84%
I'm
84%
my
84%
My
84%
want,
84%
want?)
84%
want
84%
about
83%
Alexander
83%
had
83%
sir
83%
de
82%
game
82%
game,
82%
I've
82%
Jefferson
82%
say"
82%
say
82%
are
81%
for
81%
for?
81%
have
81%
him
81%
Well,
81%
we'll
81%
die
80%
your
80%
close
79%
gotta
79%
hate
79%
less
79%
less,
79%
Mister
79%
more"
79%
more
79%
give
78%
gonna
78%
love
78%
not
78%
play
78%
Really?
78%
really
78%
that's
78%
Then
78%
then
78%
then,
78%
try
78%
Two
78%
after
77%
boom,
77%
boom!
77%
boom!)
77%
dinner
77%
dinner?
77%
just
77%
knows
77%
Madison
77%
of
77%
ol'
77%
"Talk
77%
Virginian
77%
work
77%
Congress
76%
news
76%
over
76%
plan
76%
smile
76%
Washington
76%
assume
75%
Click
75%
(Click
75%
has
75%
if
75%
If
75%
into
75%
Virginians
75%
were
75%
We're
75%
floor
74%
God!
74%
God
74%
happening
74%
immigrant
74%
let's
74%
Let's
74%
listen
74%
lot
74%
nothing
74%
old
74%
takes
74%
Wait
74%
wait
74%
wait!
74%
walk
74%
General
73%
opposed,
73%
sin,
73%
Street?
73%
can
72%
capital
72%
capital-
72%
Capital?
72%
doors
72%
legacy
72%
part
72%
played
72%
whatever
72%
with
72%
don't
71%
ev'ry
71%
foes
71%
good
71%
made
71%
river?
71%
sinner
71%
Thomas
71%
fin'ly
70%
menu,
70%
put
70%
renamed
70%
said-
70%
Secretary
70%
see
70%
closed
69%
day,
69%
day
69%
down
69%
guess
69%
sausage
69%
stand
69%
through?
69%
venue,
69%
York
69%
arranged
68%
chess
68%
Diametric'ly
68%
gets
68%
like
68%
never
68%
seating
68%
sorry
68%
stay
68%
trade
68%
would
68%
art
67%
eyes
67%
previously
67%
pro
67%
doesn't
66%
fall
66%
here's
66%
Now
66%
Now,
66%
something
66%
than
66%
yes
66%
City
65%
claims-
65%
isn't
65%
matter
65%
meeting
65%
Mercer?
65%
Mercer
65%
oughta
65%
outlive
65%
pièce
65%
skin
65%
banks
64%
Decisions
64%
deliver?
64%
gave
64%
merciless
64%
résistance:
64%
secure
64%
trust
64%
build
63%
closer
63%
dark
63%
Dark
63%
debt
63%
discussed
63%
emerge
63%
forgive
63%
help
63%
home?
63%
insight:
63%
little
63%
sell
63%
there
63%
U.S.
63%
wanted
63%
basic'ly
62%
begged
62%
by
62%
'Cause
62%
compromise,
62%
compromise
62%
doorstep
62%
goes
62%
invite
62%
most
62%
nation's
62%
pretty
62%
unless
62%
Wouldn't
62%
away
61%
join
61%
same
61%
other
60%
spot
60%
turn!
60%
wants
60%
brand
59%
dream
59%
Meanwhile-
59%
Presidential
59%
quo
59%
Actually,
58%
another
58%
opened
58%
pressure
58%
even
57%
having
57%
Hold
57%
however
57%
Maybe
57%
nose
57%
nowhere
57%
Or
57%
shape
57%
suppose
57%
victory
57%
words-
57%
distress
56%
fighting
56%
problem
56%
quid
56%
start
56%
Bros
55%
disarray
55%
power
55%
solve
55%
Sure
55%
system
55%
emerges
54%
pieces
54%
Washington's
54%
fact
53%
his
53%
parties
53%
save
53%
financial
52%
issue
52%
sacrificed
52%
Southerners,
52%
Clermont
51%
settled
51%
fray
50%
propose
50%
provide
49%
approached
48%
big
48%
responds
48%
votes?
48%
tomb
47%
committee
46%
you'll
46%
approaches
44%
our
44%
unprecedented
42%
grappling
39%
how're
37%
leaders
37%
Potomac
29%
No matching quizzes found
Score Distribution
Percent of People with Each Score
Percentile by Number Answered
Your Score History
You have not taken this quiz